000 00426nam a22001697a 4500
999 _c6384
_d6382
005 20210904112508.0
008 200521b xxu||||| |||| 00| 0 eng d
020 _a9780280396302
041 _aeng
082 _a320 HEY
100 _aHeywood, Andrew
_96871
245 _aPolitical Ideologies an Introduction
250 _a5'th
260 _aU.K
_b Paigrave Macmillan
_c2012
650 _aPoltical Science
_95696
942 _cBK